Aplikácia sociálnych inovácií v systéme odmeňovania v MSP v SR bakalárska práca

Saved in:
Bibliographic Details
Main Author: Mátis, Tibor
Corporate Author: Fakulta podnikového manažmentu EU. Katedra podnikovohospodárska
Other Authors: Bukovová, Sylvia, 1959-
Format: Book
Language:Slovak
Published: Bratislava 2025
Tags: Add Tag
No Tags, Be the first to tag this record!

MARC

LEADER 00000nbm a2200000 4500
001 0309712
005 20251209124419.5
041 0 |a slo 
044 |a SK 
245 1 0 |a Aplikácia sociálnych inovácií v systéme odmeňovania v MSP v SR  |b bakalárska práca  |c Tibor Mátis ; školiteľ: Sylvia Bukovová 
264 1 |a Bratislava  |c 2025 
300 |a 41 s. 
100 1 |a Mátis, Tibor 
700 1 |a Bukovová, Sylvia, 1959- 
710 2 |a Fakulta podnikového manažmentu EU. Katedra podnikovohospodárska